Diálogo de saberes y cultura minera: (Registro nro. 12413)

Detalles MARC
000 -LEADER
fixed length control field 02222nam a2200301Ia 4500
003 - CONTROL NUMBER IDENTIFIER
control field OSt
005 - DATE AND TIME OF LATEST TRANSACTION
control field 20210909145504.0
008 - FIXED-LENGTH DATA ELEMENTS--GENERAL INFORMATION
fixed length control field 210310s2004 ck abo gr 000 0 spa d
020 ## - INTERNATIONAL STANDARD BOOK NUMBER
International Standard Book Number 9589545068
040 ## - CATALOGING SOURCE
Original cataloging agency CO-JMCR
Transcribing agency CO-JMCR
041 0# - LANGUAGE CODE
Language code of text/sound track or separate title spa
082 04 - DEWEY DECIMAL CLASSIFICATION NUMBER
Classification number 338.2 /
Item number S253i
Edition number 23
100 1# - MAIN ENTRY--PERSONAL NAME
Personal name Satizábal, Carlos Eduardo,
Relator term autor
9 (RLIN) 28165
245 10 - TITLE STATEMENT
Title Diálogo de saberes y cultura minera:
Remainder of title El consorcio nueva sociedad región nororiental de Colombia "Consornoc"
Statement of responsibility, etc. Carlos Eduardo Satizábal; Alonso Ortiz Serrano; Programa de las Naciones Unidas para el Desarrollo.; Colombia. Ministerio de la Protección Social.
260 ## - PUBLICATION, DISTRIBUTION, ETC.
Place of publication, distribution, etc. Bogotá :
Name of publisher, distributor, etc. Ministerio de Protección Social
Date of publication, distribution, etc. 2004.
300 ## - PHYSICAL DESCRIPTION
Extent 101 páginas :
Other physical details ilustraciones, mapas y fotografías en blanco y negro ;
Dimensions 24 cm.
490 0# - SERIES STATEMENT
Series statement Cuadernos PNUD, MPS ;
Volume/sequential designation 5
504 ## - BIBLIOGRAPHY, ETC. NOTE
Bibliography, etc. note Bibliografía : páginas 99.
505 ## - FORMATTED CONTENTS NOTE
Formatted contents note Dialogo de saberes y cultura previa. -- Desarrollo local en zonas de conflicto. El consorcio nueva sociedad región nororiental de Colombia. "Consornoc".
520 0# - SUMMARY, ETC.
Summary, etc. Basados en el principio según el cual conocer el problema es un paso indispensable para encontrar las mejores soluciones, el Programa de las Naciones Unidas para el Desarrollo y el Ministerio de la Protección Social de Colombia han decidido editar esta serie de Cuadernos, como una publicación que debe aportar al conocimiento de los temas sociales con investigaciones y estudios realizados por colombianos de diversos orígenes, especialidades y regiones. De este modo, el PNUD y el MPS abren un nuevo espacio para el diálogo y el debate público sobre temas que, ya sea desde el estudio especializado o bien desde el relato vivencial, son de importancia para todos los colombianos.
650 14 - SUBJECT ADDED ENTRY--TOPICAL TERM
Topical term or geographic name entry element Industria minera
General subdivision Aspectos socioeconómicos
Geographic subdivision Colombia
9 (RLIN) 28167
650 24 - SUBJECT ADDED ENTRY--TOPICAL TERM
Topical term or geographic name entry element Violencia
General subdivision Aspectos sociales
Geographic subdivision Norte de Santander (Colombia)
9 (RLIN) 40203
650 24 - SUBJECT ADDED ENTRY--TOPICAL TERM
Topical term or geographic name entry element Conflicto armado
General subdivision Aspectos sociales
Geographic subdivision Norte de Santander (Colombia)
9 (RLIN) 40204
700 1# - ADDED ENTRY--PERSONAL NAME
Personal name Alonso Ortiz Serrano;
Relator term autor
9 (RLIN) 40205
710 ## - ADDED ENTRY--CORPORATE NAME
Corporate name or jurisdiction name as entry element Programa de las Naciones Unidas para el Desarrollo.
Relator term autor
9 (RLIN) 3154
710 ## - ADDED ENTRY--CORPORATE NAME
Corporate name or jurisdiction name as entry element Colombia. Ministerio de la Protección Social.
Relator term autor
9 (RLIN) 40206
942 ## - ADDED ENTRY ELEMENTS (KOHA)
Source of classification or shelving scheme Dewey Decimal Classification
Koha item type Books
Existencias
Withdrawn status Lost status Source of classification or shelving scheme Damaged status Not for loan Home library Current library Shelving location Date acquired Source of acquisition Full call number Barcode Date last seen Copy number Price effective from Koha item type
    Dewey Decimal Classification     Biblioteca Pública José María del Castillo y Rada Biblioteca Pública José María del Castillo y Rada General Stacks 04/15/2018 Donación 338.2 / S253i 430005223 05/16/2024 Ej.1 03/10/2021 Books